| 000 | 00748nam a2200289Ia 4500 | ||
|---|---|---|---|
| 001 | 35873 | ||
| 003 | IT-RoPAU | ||
| 008 | 130308s9999 xx 000 0 und d | ||
| 040 | _aIT-RoPAU | ||
| 040 | _cIT-RoPAU | ||
| 041 | _aITALIANO | ||
| 100 | _aLAndò Dario | ||
| 100 | _gCodice Aut. SPICS: 17074 | ||
| 245 | _aPrefazione a i miti di Madison avenue | ||
| 245 | _bMiti di Madison Avenue (I) | ||
| 250 | _a1a ed. | ||
| 260 | _aMILANO | ||
| 260 | _bLupetti & Co. | ||
| 260 | _c1985 [1° Ed.:1985 - Ed.Ling.Originale:1985] | ||
| 300 | _a"24 p. (prefazione: no ; testo: 24 [pagine: 7-30])" | ||
| 650 | _aSAGGI DI PUBBLICITA' | ||
| 650 | _eCodice materia Spics: 6211 | ||
| 942 | _cBK | ||
| 957 | _71 | ||
| 999 |
_c48837 _d48837 |
||
| 999 | _bSI | ||
| 999 | _g1 | ||